00906nam a2200253 a 450000100060000000300080000600500170001400800410003102000230007202000150009503500190011004000270012904100080015608200240016410000400018824500740022826000710030230000290037350400380040265000270044094200120046799900170047995201560049668933BD-RjUL20211209081830.0170408s19721970enka b 001 0 eng d a0521074495c$12.00 a0521077088 a(BD-RjUL)69144 aDLCcDLCdBD-RjULbeng aeng00a551.4223bSMS 19721 aSmall, R. J.q(Ronald John)916120714aThe study of landforms :ba textbook of geomorphology /cR. J. Small. aNew York :bCambridge University Press,c1970 [ reprinting 1972 ]. a486 p. :bill. ;c24 cm. aIncludes indexes and bibliography 0aGeomorphology.9199399 2ddccBK c68933d68933 00102ddc40718NFICaRUCLbRUCLcReadingd1975-01-08eJonathan Wren & Co, Londong580.00l0o551.4 SMS 1972r2017-04-08 00:00:00tC-1w2017-04-08yBK